00337 2200145 4500001002100000005001500021035002000036245003500056100001800091300001200109260003600121082000800157084001400165990001200179INLIS00000000000236720250528112425 a0010-05250006591 aPerihal Cinta /cKahlil Gibran0 aKahlil Gibran a138 hlm aYogyakarta :bDiva Press,c2004 a813 a813 KAH p a0712652